| 000 | 00940cam a2200229 4500 | ||
|---|---|---|---|
| 001 | ABS66331 | ||
| 008 | 030204n2003 000 0 eng u | ||
| 035 | _a(Sirsi) u121236 | ||
| 100 | _aHamson, L. | ||
| 245 | _aAnatomy of the property industry | ||
| 260 | _c2003 | ||
| 490 |
_aProperty Week _v68(1) 10 January 2003, 31-35(5) |
||
| 520 | _aAn assessment of the state of the property market as we enter 2003. Analyses the top surveying firms, the quoted and unquoted property sectors and investment fund managers, using their latest reported financial data. The entries are ranked by UK turnover, market capitalisation, absolute net asset value and total funds under management. Tables. | ||
| 590 | _aABS | ||
| 650 | _aRANKINGS | ||
| 650 | _aSURVEYING FIRMS | ||
| 650 | _aPROPERTY COMPANIES | ||
| 650 | _aFUND MANAGERS | ||
| 650 | _aTURNOVER | ||
| 690 | _aPROPERTY-COMMERCIAL PROPERTY-COMMERCIAL PROPERTY MARKET | ||
| 942 | _n0 | ||
| 999 |
_c72050 _d72050 |
||